Lagunas oxidación en Costa Rica

Gespeichert in:
Bibliographische Detailangaben
1. Verfasser: Sáenz Forero, Rodolfo
Format: Buch
Sprache:Spanish
Veröffentlicht: San José, Costa Rica
Schlagworte:
Tags: Tag hinzufügen
Keine Tags, Fügen Sie den ersten Tag hinzu!

MARC

LEADER 00000nam a2200000Ia 4500
003 001955
005 20221231143953.0
008 140114s1962 cr a 000 ||spa d
040 |c cru CEDI 
082 |a 628.2 S127L 
100 |a Sáenz Forero, Rodolfo  |9 17221 
245 |a Lagunas oxidación en Costa Rica 
260 |a San José, Costa Rica  
300 |a 30 páginas  
650 |x AGUAS RESIDUALES  |9 21022 
942 |2 ddc  |c BK 
999 |c 14975  |d 14975